| 000 | 01026 a2200205 4500 | ||
|---|---|---|---|
| 001 | 28217 | ||
| 005 | 20260407155554.0 | ||
| 008 | 260407a1998 arg spa d | ||
| 003 | AR-UNSa-BCEJYS | ||
| 040 |
_aAR-UNSa-BCEJYS _bspa _cAR-UNSa-BCEJYS |
||
| 080 |
_a347.627.2 _xDivorcio |
||
| 245 | 1 | 0 | _aVisión jurisprudencial de la sepación personal y el divorcio vincular |
| 020 | _a950-727-137-6 | ||
| 264 | 1 |
_aBuenos Aires : _bRubinzal-Culzoni Editores _c1998 |
|
| 300 |
_a372 p. _c22 cm. |
||
| 505 | _a1. Aspectos generales - 2. Causales subjetivas - 3.Causales objetivas - 4. Aspectos generales - 5. Contingencias derivadas de la vía procesal consensuada - 6. Acciones de separación personal y divorcio vincular - 7. Medidas previas y precautorias - 8. Prueba - 9. Sentencia de separación personal y divorcio vincular - 10. Efectos de la separación personal y el divorcio vincular - 11. Otras contingencias procesales | ||
| 942 | _cBK | ||
| 590 | _aniveau_biblio:m niveau_hierar:0 | ||
| 100 | 1 | _aD´Antonio, Daniel Hugo | |
| 999 |
_c1675 _d1675 |
||